LEADER 01206nam a2200265 i 4500 001 000000188859 003 CaOOAMICUS 005 20100423000000.0 008 100423s1970 xxk u000 u eng u 013 $a167093 040 $aSeMil$bita 245 10$aRoman Catholic modernism /$cedited and introduced by Bernard M. G. Reardon. 260 $aLondon :$bAdam & Charles Black,$c1970. 300 $a250 p. ;$c23 cm. 490 0 $aA library of modern religious thought 600 04$aPio X .$0(OLS)http://semarc/subject/2400 650 4$aModernismo.$0(OLS)http://semarc/subject/674 650 4$aChiesa cattolica - Controversie - Sec. 19.-20.$0(OLS)http://semarc/subject/707 650 4$aModernismo - Teologia cristiana.$0(OLS)http://semarc/subject/35542 700 1 $aReardon, Bernard Morris Garvin.$0(OLS)http://semarc/name/69164 830 2$aA library of modern religious thought.$0(OLS)http://semarc/title/22292 850 $aSeMil 852 $aSeMil$W1$xVenegono$y1$m2X IV 164$j139496$B139496$CSeMilBibl$Z2$F151118 $81 996 $6245$aRoman Catholic modernism$9(OLS)http://semarc/title/271867 996 $6260$aLondon :$bAdam & Charles Black$9(OLS)http://semarc/publisher/34510 LEADER 01050nam a2200253 i 4500 001 000000207748 003 CaOOAMICUS 005 20111104000000.0 008 111104s1887 it u000 u ita u 013 $a186531 040 $aSeMil$bita 100 1 $aMassarani, Tullo <1826-1905>.$0(OLS)http://semarc/name/11362 245 10$aCarlo Tenca e il pensiero civile del suo tempo /$cTullo Massarani. 250 $a2. Ed. 260 $aMilano :$bUlrico Hoepli,$c1887. 300 $a435 p., [1] c. di tav. :$britr. ;$c19 cm. 490 0 $aBiblioteca scientifico-letteraria 500 $aData di pubblicazione in cop. : 1888. 650 4$aTenca, Carlo.$0(OLS)http://semarc/subject/29582 830 0$aBiblioteca scientifico-letteraria.$0(OLS)http://semarc/title/34006 850 $aSeMil 852 $aSeMil$W1$xVenegono$y1$m1T II 34 FA$j158207$B158207$CSeMilBibl$Z2$F169425 $8I 996 $6245$aCarlo Tenca e il pensiero civile del suo tempo$9(OLS)http://semarc/title/300406 996 $6260$aMilano :$bUlrico Hoepli$9(OLS)http://semarc/publisher/29765